Murder in clichy

Đã lưu trong:
书目详细资料
主要作者: Black, Cara
格式: 图书
语言:Undetermined
出版: New York Soho 2005
主题:
标签: 添加标签
没有标签, 成为第一个标记此记录!
Thư viện lưu trữ: Trung tâm Học liệu Trường Đại học Cần Thơ
LEADER 00576nam a2200193Ia 4500
001 CTU_141283
008 210402s9999 xx 000 0 und d
082 |a 813.54 
082 |b B627 
100 |a Black, Cara 
245 0 |a Murder in clichy 
245 0 |c Cara Black 
260 |a New York 
260 |b Soho 
260 |c 2005 
650 |a Leduc, Aimee (Fictitious character),Art,Leduc, Aimee,Nghệ thuật 
650 |x Collectors and collecting,Sưu tầm và thu thập 
904 |i Trọng Hải 
980 |a Trung tâm Học liệu Trường Đại học Cần Thơ